Bubba's Shrimp - Forrest Gump - Statistics

General Stats
  • This quiz has been taken 77 times
    61 since last reset
  • The average score is 7 of 21
Answer Stats
Answer % Correct
{boil} it,
94%
{broil} it,
55%
{bake} it,
53%
shrimp {gumbo}.
53%
shrimp {stew},
47%
shrimp {salad},
45%
shrimp {sandwich}.
40%
shrimp and {potatoes},
38%
shrimp {soup},
38%
{saute} it,
36%
shrimp {burger},
36%
{pepper} shrimp,
26%
{lemon} shrimp,
23%
shrimp {creole},
23%
You can {barbeque} it,
23%
{deep fried},
21%
{coconut} shrimp,
19%
Dey's uh, shrimp-{kabobs},
19%
{stir-fried}.
17%
{Pan fried},
15%
There's {pineapple} shrimp,
13%
No matching quizzes found
Score Distribution
Percent of People with Each Score
Percentile by Number Answered
Your Score History
You have not taken this quiz since the last reset